Statistiche per Paesi più a nord

Clicka qui per fare il quiz!

Statistiche generali

  • Questo quiz è stato fatto 2.264 volte
  • Il punteggio medio è 18 su 20

Statistiche sulle risposte

° NordPaese% Corretto
81°51'Russia
99%
83°06'Canada
98%
80°49'Norvegia
98%
70°05'Finlandia
97%
69°04'Svezia
96%
57°45'Danimarca
95%
71°23'Stati Uniti
95%
59°48'Estonia
94%
67°08'Islanda
93%
60°51'Regno Unito
92%
58°05'Lettonia
92%
56°27'Lituania
92%
55°03'Germania
91%
54°50'Polonia
90%
55°26'Irlanda
88%
56°08'Bielorussia
86%
53°32'Paesi Bassi
84%
52°22'Ucraina
74%
53°34'Cina
73%
55°06'Kazakistan
69%

Distribuzione punteggi

Percentile per numero di risposta

Percentuale di utenti per punteggio

I tuoi punteggi nel tempo

Non hai fatto questo quiz